000 00431nam a2200145Ia 4500
008 211109s9999||||xx |||||||||||||| ||und||
082 _a894.8121
_bKER-G
100 _aKerala Sahitya Accademy,
245 0 _aGirijakalyanam:Geetha Prabandham
260 _bKerala Sahitya Akademi
_aTrichur
_c1989
300 _a309p
630 _xGeneral Stack
650 _amalayalam literature
_vmalayalam poemspoempoetry
_xMalayalam
942 _cBOOK
999 _c7381
_d7381